Z jakich miast są te kluby? cz.1 - Statystyki

Ogólne statystyki
  • Ten quiz został rozwiązany 304 razy
  • Średni wynik to 27 z 31
Statystyki odpowiedzi
Nazwa Miejscowość % Poprawnych
Pogoń Szczecin
100%
Legia Warszawa
100%
Lechia Gdańsk
99%
Arka Gdynia
99%
Wisła Kraków
99%
Śląsk Wrocław
98%
Jagiellonia Białystok
97%
Lech Poznań
97%
Ruch Chorzów
96%
Piast Gliwice
96%
Korona Kielce
96%
Widzew Łódź
95%
Górnik Zabrze
95%
Motor Lublin
94%
Raków Częstochowa
93%
Radomiak Radom
93%
Wisła Płock
91%
Zawisza Bydgoszcz
89%
GKS Katowice
89%
Miedź Legnica
87%
Zagłębie Lubin
86%
Odra Opole
83%
Stomil Olsztyn
82%
Wigry Suwałki
82%
Podbeskidzie Bielsko Biała
81%
Sandecja Nowy Sącz
81%
Termalica Nieciecza
77%
Znicz Pruszków
76%
Chrobry Głogów
74%
Kotwica Kołobrzeg
65%
Stal Rzeszów
61%
Nie znaleziono quizów pasujących do podanych kryteriów
Rozkład punktacji
Procent ludzi z każdym wynikiem
Percentyl według liczby udzielonych odpowiedzi
Twoja historia wyników
Nie rozwiązałeś tego quizu